000 00386nam a2200157 4500
005 20260424130530.0
008 cuc123
020 _a0821312464
050 _aHJ 8899 HUS
_b1
100 _aHUSIUM, ISHRAT ed.
245 _aDealing with the debt crisis
_bA world bank symposium
260 _aWashinton
_bThe world bank
_c1989
300 _axiv,308p
500 _aindex,
942 _2lcc
_cBK
_n0
999 _c9614
_d9614